Catálogo público

Cancionero de Alvaro Carrillo : (Record no. 89683)

MARC details
000 -CABECERA
campo de control de longitud fija 01076cam a22003137a 4500
003 - IDENTIFICADOR DEL NÚMERO DE CONTROL
campo de control CHAP
005 - FECHA Y HORA DE LA ÚLTIMA TRANSACCIÓN
campo de control 20220817044011.0
008 - DATOS DE LONGITUD FIJA--INFORMACIÓN GENERAL
campo de control de longitud fija 050225d2000 mx r 00110 spa d
010 ## - NÚMERO DE CONTROL DE LA BIBLIOTECA DEL CONGRESO
Número de control de LC 89683
011 ## - ENLACE DEL NUMERO DE CONTROL DE LA BIBLIOTECA DEL CONGRESO [OBSOLETO]
Número de control de LC 90655
035 ## - NÚMERO DE CONTROL DEL SISTEMA
Número de control de sistema 101211
040 ## - FUENTE DE LA CATALOGACIÓN
Centro/agencia transcriptor CHAP
082 04 - NÚMERO DE LA CLASIFICACIÓN DECIMAL DEWEY
Número de clasificación 782.42
Número de documento/Ítem C3
245 10 - MENCIÓN DE TÍTULO
Título Cancionero de Alvaro Carrillo :
Resto del título generación 1948-1954. 40 años de amistad
Mención de responsabilidad, etc. /UACH
260 ## - PUBLICACIÓN, DISTRIBUCIÓN, ETC.
Lugar de publicación, distribución, etc. Chapingo, Méx.
Nombre del editor, distribuidor, etc. UACH,
Fecha de publicación, distribución, etc. 200?.
300 ## - DESCRIPCIÓN FÍSICA
Extensión 168 p.
590 ## - NOTA LOCAL (RLIN)
Nota local BATCH-UPD
Procedencia (VM) [OBSOLETO] 10
Condición del los carretes individuales (VM) [OBSOLETO] 20130110
-- UCH01
-- 1344
590 ## - NOTA LOCAL (RLIN)
Nota local CONVERSION
Procedencia (VM) [OBSOLETO] 10
Condición del los carretes individuales (VM) [OBSOLETO] 20130109
-- UCH01
-- 1350
650 14 - PUNTO DE ACCESO ADICIONAL DE MATERIA--TÉRMINO DE MATERIA
Término de materia o nombre geográfico como elemento de entrada Cancioneros.
9 (RLIN) 18313
710 0# - PUNTO DE ACCESO ADICIONAL--NOMBRE DE ENTIDAD CORPORATIVA
Nombre de entidad corporativa o nombre de jurisdicción como elemento de entrada UACH.
901 ## - ELEMENTOS DE DATOS A LOCAL LDA (RLIN)
a BK
905 ## - ELEMENTOS DE DATOS E LOCAL, LDE (RLIN)
a Lilia
942 ## - ELEMENTOS DE PUNTO DE ACCESO ADICIONAL (KOHA)
Tipo de ítem Koha Libro
949 ## - PROCESAMIENTO DE INFORMACIÓN LOCAL (OCLC)
a 782.42 C3
b BC
c LIBRO
d 337240002794
e LIBRO
h 105066
i 101211
s b
949 ## - PROCESAMIENTO DE INFORMACIÓN LOCAL (OCLC)
a 782.42 C3
b BC
c LIBRO
d 33724000932612
e LIBRO
f c.4
h 105069
i 101211
s i
949 ## - PROCESAMIENTO DE INFORMACIÓN LOCAL (OCLC)
a 782.42 C3
b BC
c LIBRO
d 33724000932679
e LIBRO
f c.3
h 105068
i 101211
s b
949 ## - PROCESAMIENTO DE INFORMACIÓN LOCAL (OCLC)
a 782.42 C3
b BC
c LIBRO
d 33724000932737
e LIBRO
f c.2
h 105067
i 101211
s b
949 ## - PROCESAMIENTO DE INFORMACIÓN LOCAL (OCLC)
a 782.42 C3
b BC
c UACH
d 33724000932554
e UACH
f c.5
h 105070
i 101211
s b
Holdings
Estado de retiro Estado de pérdida Fuente del sistema de clasificación o colocación Estado dañado Restricciones de uso No para préstamo Código de colección Localización permanente Ubicación/localización actual Ubicación en estantería Fecha de adquisición Información codificada de la localización en otra ubicación Total de préstamos Signatura topográfica completa Código de barras Fecha visto por última vez Precio válido a partir de Tipo de ítem Koha Número de copia Número de inventario
    Dewey Decimal Classification   Préstamo 15 días   General Biblioteca Central Biblioteca Central Planta principal - Colección General 31/12/2019 LIBRO   782.42 C3 337240002794 31/12/2019 31/12/2019 Libro    
    Dewey Decimal Classification   Préstamo 15 días   General Biblioteca Central Biblioteca Central Planta principal - Colección General 31/12/2019 LIBRO   782.42 C3 33724000932612 31/12/2019 31/12/2019 Libro c.4  
    Dewey Decimal Classification   Préstamo 15 días   General Biblioteca Central Biblioteca Central Planta principal - Colección General 31/12/2019 LIBRO   782.42 C3 33724000932679 31/12/2019 31/12/2019 Libro c.3  
    Dewey Decimal Classification   Préstamo 15 días   General Biblioteca Central Biblioteca Central Planta principal - Colección General 31/12/2019 LIBRO   782.42 C3 33724000932737 31/12/2019 31/12/2019 Libro c.2  
        Préstamo 3 días   Publicaciones UACh Biblioteca Central Biblioteca Central Planta alta - Área de Tesis - UACh 31/12/2019 LIBRO   782.42 C3 33724002479991 31/12/2019 31/12/2019 Libro c.5 127